<?xml version="1.0" encoding="UTF-8"?><?xml-stylesheet type="text/xsl" href="static/style.xsl"?><OAI-PMH xmlns="http://www.openarchives.org/OAI/2.0/" xmlns:xsi="http://www.w3.org/2001/XMLSchema-instance" xsi:schemaLocation="http://www.openarchives.org/OAI/2.0/ http://www.openarchives.org/OAI/2.0/OAI-PMH.xsd"><responseDate>2026-06-01T02:39:57Z</responseDate><request verb="GetRecord" identifier="oai:riuma.uma.es:10630/3745" metadataPrefix="marc">https://riuma.uma.es/rest/oai/request</request><GetRecord><record><header><identifier>oai:riuma.uma.es:10630/3745</identifier><datestamp>2026-02-03T12:50:12Z</datestamp><setSpec>com_10630_27</setSpec><setSpec>com_10630_3139</setSpec><setSpec>com_10630_10</setSpec><setSpec>col_10630_579</setSpec></header><metadata><record xmlns="http://www.loc.gov/MARC21/slim" xmlns:dcterms="http://purl.org/dc/terms/" xmlns:doc="http://www.lyncode.com/xoai" xmlns:xsi="http://www.w3.org/2001/XMLSchema-instance" xsi:schemaLocation="http://www.loc.gov/MARC21/slim http://www.loc.gov/standards/marcxml/schema/MARC21slim.xsd">
   <leader>00925njm 22002777a 4500</leader>
   <datafield ind2=" " ind1=" " tag="042">
      <subfield code="a">dc</subfield>
   </datafield>
   <datafield ind2=" " ind1=" " tag="720">
      <subfield code="a">Vázquez, F. M.</subfield>
      <subfield code="e">author</subfield>
   </datafield>
   <datafield ind2=" " ind1=" " tag="260">
      <subfield code="c">2006</subfield>
   </datafield>
   <datafield ind2=" " ind1=" " tag="520">
      <subfield code="a">Anotaciones a la tribu Stipeae (Gramineae) para Andalucía Oriental (España). El estudio taxonómico de los materiales de la tribu Stipeae (Gramineae) procedentes de Andalucía Oriental (España), ha revelado la presencia de dos nuevos taxones, posiblemente endémicos para el área: Macrochloa tenacissima subsp. umbrosa F.M. Vázquez subsp. nov y Stipa almeriensis F.M. Vázquez sp. nov. Además, se incluye una nueva combinación: Macrochloa antiatlantica (Barreña, D. Rivera, Alcaraz &amp; Obón) F. M. Vázquez, comb. nov.</subfield>
   </datafield>
   <datafield ind1="8" ind2=" " tag="024">
      <subfield code="a">Acta Botánica Malacitana, Nº 31&#xd;
, 2006, Págs. 73&#xd;
-80</subfield>
   </datafield>
   <datafield ind1="8" ind2=" " tag="024">
      <subfield code="a">02109506</subfield>
   </datafield>
   <datafield ind1="8" ind2=" " tag="024">
      <subfield code="a">http://hdl.handle.net/10630/3745</subfield>
   </datafield>
   <datafield ind2="0" ind1="0" tag="245">
      <subfield code="a">Anotaciones a la tribu Stipeae (Gramineae) para Andalucía oriental (España)</subfield>
   </datafield>
</record>
</metadata></record></GetRecord></OAI-PMH>